000
00349nam a22001577a 4500
999
_c
11612
_d
11612
003
OSt
008
221227b ||||| |||| 00| 0 eng d
020
_a
97881203511165
082
_a
005.7 KUB
100
_a
KULKARNI,Parag
245
_a
Big Data Analytics
260
_a
New Delhi
_b
PHI
_c
2022
300
_a
189
650
_a
MBA
942
_2
ddc
_c
REF